000 00410nam a2200157Ia 4500
008 221030s9999 xx 000 0 und d
020 _a8123909098
041 _aEnglish
082 _a105.23
_bPia
100 _aH. T. H. Piaggio
245 0 _aDifferential Equations & Their Applications
_cby H. T. H. Piaggio
260 _bCBS Pub
_aNew Delhi
_c2004
300 _a256
650 _aBE Mathematics
942 _cBK
999 _c3575
_d3575